Высокотемпературный синтез соединений la 0. 825sr 0. 17mno 3 в порошковом состоянии; Известия вузов. Физика; Т. 57, № 12
| Parent link: | Известия вузов. Физика: научный журнал/ Национальный исследовательский Томский государственный университет (ТГУ).— , 1957- Т. 57, № 12.— 2014.— [С. 153-155] |
|---|---|
| Kurumsal yazarlar: | , |
| Diğer Yazarlar: | , , , |
| Özet: | Заглавие с экрана Режим доступа: по договору с организацией-держателем ресурса |
| Dil: | Rusça |
| Baskı/Yayın Bilgisi: |
2014
|
| Konular: | |
| Online Erişim: | http://elibrary.ru/item.asp?id=22895914 |
| Materyal Türü: | MixedMaterials Elektronik Kitap Bölümü |
| KOHA link: | https://koha.lib.tpu.ru/cgi-bin/koha/opac-detail.pl?biblionumber=642343 |
MARC
| LEADER | 00000nla0a2200000 4500 | ||
|---|---|---|---|
| 001 | 642343 | ||
| 005 | 20250203134814.0 | ||
| 035 | |a (RuTPU)RU\TPU\network\7299 | ||
| 035 | |a RU\TPU\network\7250 | ||
| 090 | |a 642343 | ||
| 100 | |a 20150622d2014 k||y0rusy50 ca | ||
| 101 | 0 | |a rus | |
| 102 | |a RU | ||
| 135 | |a drcn ---uucaa | ||
| 181 | 0 | |a i | |
| 182 | 0 | |a b | |
| 200 | 1 | |a Высокотемпературный синтез соединений la 0. 825sr 0. 17mno 3 в порошковом состоянии |f М. М. Михайлов [и др.] | |
| 203 | |a Текст |c электронный | ||
| 300 | |a Заглавие с экрана | ||
| 320 | |a [Библиогр.: с. 155 (5 назв.)] | ||
| 333 | |a Режим доступа: по договору с организацией-держателем ресурса | ||
| 461 | |t Известия вузов. Физика |o научный журнал |f Национальный исследовательский Томский государственный университет (ТГУ) |d 1957- | ||
| 463 | |t Т. 57, № 12 |v [С. 153-155] |d 2014 | ||
| 610 | 1 | |a электронный ресурс | |
| 610 | 1 | |a труды учёных ТПУ | |
| 610 | 1 | |a твердые растворы | |
| 610 | 1 | |a лантаниды | |
| 610 | 1 | |a марганец | |
| 610 | 1 | |a синтез | |
| 610 | 1 | |a порошки | |
| 610 | 1 | |a параметры | |
| 610 | 1 | |a решетка | |
| 701 | 1 | |a Михайлов |b М. М. | |
| 701 | 1 | |a Власов |b В. А. |c физик |c старший научный сотрудник Томского политехнического университета, кандидат физико-математических наук |f 1975- |g Виталий Анатольевич |3 (RuTPU)RU\TPU\pers\31366 |9 15538 | |
| 701 | 1 | |a Утебеков |b Т. А. |g Тимур Аскарович | |
| 701 | 1 | |a Горпинич |b Е. В. |g Екатерина Владимировна | |
| 712 | 0 | 2 | |a Национальный исследовательский Томский политехнический университет (ТПУ) |b Институт неразрушающего контроля (ИНК) |b Проблемная научно-исследовательская лаборатория электроники, диэлектриков и полупроводников (ПНИЛ ЭДиП) |3 (RuTPU)RU\TPU\col\19033 |
| 712 | 0 | 2 | |a Национальный исследовательский Томский политехнический университет (ТПУ) |b Энергетический институт (ЭНИН) |b Лаборатория моделирования процессов тепломассопереноса (ЛМПТ) |3 (RuTPU)RU\TPU\col\19906 |
| 801 | 2 | |a RU |b 63413507 |c 20150622 |g RCR | |
| 856 | 4 | |u http://elibrary.ru/item.asp?id=22895914 | |
| 942 | |c CF | ||